Tshuaj Ntsuab = Plant medicine : a compendium of ... Read More
Available copies
- 2 of 3 copies available at LARL/NWRL Consortium.
- 2 of 2 copies available at Lake Agassiz Regional Library. (Show preferred library)
Current holds
0 current holds with 3 total copies.
Show All Copies
| Location | Call Number / Copy Notes | Barcode | Shelving Location | Status | Due Date |
|---|---|---|---|---|---|
| Detroit Lakes Public Library | 581.634 LEE (Text) | 33500014378822 | New | Available | - |
| Moorhead Public Library | 581.634 LEE (Text) | 33500014378830 | New | Available | - |
Record details
- ISBN: 1681343045
- ISBN: 9781681343044
- Physical Description: 186 pages : color illustrations ; 26 cm
- Publisher: [Saint Paul, Minn.]: Minnesota Historical Society Press, [2026]
- Copyright: ©2026
Content descriptions
| Bibliography, etc. Note: | Includes bibliographical references (pages ... Read More |
| Summary, etc.: | "During early years in Laos, May Lee trained as a ... Read More |
Search for related items by subject
| LDR | 03801cam a2200637 i 4500 | ||
|---|---|---|---|
| 001 | 477877 | ||
| 003 | LARL_NWRL_CONSORTIUM | ||
| 005 | 20260504172140.0 | ||
| 008 | 250917s2026 mnua b 001 0 eng d | ||
| 010 | . | ‡a 2025943951 | |
| 040 | . | ‡aYDX ‡beng ‡erda ‡cYDX ‡dMNJ ‡dOCLCO | |
| 020 | . | ‡a1681343045 ‡q(paperback) | |
| 020 | . | ‡a9781681343044 ‡q(paperback) | |
| 035 | . | ‡a(OCoLC)1536327363 | |
| 043 | . | ‡an-us-mn | |
| 100 | 1 | . | ‡aLee, Zongxee. ‡eauthor. |
| 245 | 1 | 0. | ‡aTshuaj Ntsuab = ‡bPlant medicine : a compendium of Hmong medicinal plants / ‡cZongxee Lee, Natalie Hoidal, & Alex Crum ; photography by Lindsey Miller. |
| 246 | 3 | 0. | ‡aPlant medicine |
| 246 | 3 | 0. | ‡aCompendium of Hmong medicinal plants |
| 264 | 1. | ‡a[Saint Paul, Minn.]: ‡bMinnesota Historical Society Press, ‡c[2026] | |
| 264 | 4. | ‡c©2026 | |
| 300 | . | ‡a186 pages : ‡bcolor illustrations ; ‡c26 cm | |
| 336 | . | ‡atext ‡btxt ‡2rdacontent | |
| 337 | . | ‡aunmediated ‡bn ‡2rdamedia | |
| 338 | . | ‡avolume ‡bnc ‡2rdacarrier | |
| 504 | . | ‡aIncludes bibliographical references (pages 170-178) and index. | |
| 520 | . | ‡a"During early years in Laos, May Lee trained as a niam tshuaj, a plant-based healer and keeper of herbal plants, a role customarily handed down from mother to eldest daughter. When she fled to Thailand and then the United States in 1980, May brought preserved cuttings, which she eventually cultivated in Minnesota. She passed along her knowledge to daughters Zongxee and Mhonpaj, who likewise became herbalists and farmers. Among other traditional uses, Hmong medicinal herbs are essential ingredients in a special chicken soup consumed for postpartum healing. In Tshuaj Ntsuab (green medicine), a recipe for this nourishing soup accompanies descriptions of additional cultural practices, herbal remedies, and growing techniques that are part of Hmong oral tradition. Through detailed photographs, botanical information, and scientific research, this compendium profiles forty-four medicinal plants that are important to the culture and diets of Hmong people around the world. Tshuaj Ntsuab grew out of a five-year collaboration between the Lee family, University of Minnesota Extension, and Dr. Ya Yang's laboratory at the University of Minnesota. The team used DNA sequencing to identify each of the herbs and reviewed published works to better understand what scientists know about these plants. The result is a valuable reference that preserves traditional knowledge for members of the Hmong community and beyond"--Back cover. | |
| 650 | 0. | ‡aHmong (Asian people) ‡xMedicine ‡zUnited States. | |
| 650 | 0. | ‡aHmong Americans ‡xMedicine ‡zMinnesota. | |
| 650 | 0. | ‡aMedicine, Oriental. | |
| 650 | 0. | ‡aTranscultural medical care ‡zUnited States. | |
| 650 | 0. | ‡aMedicinal plants ‡zLaos. | |
| 650 | 0. | ‡aMateria medica, Vegetable ‡zLaos. | |
| 650 | 0. | ‡aTraditional medicine ‡zLaos. | |
| 650 | 0. | ‡aHmong (Asian people) ‡xMedicine ‡zLaos. | |
| 650 | 0. | ‡aEthnobotany. ‡0(LARL_NWRL_CONSORTIUM)19625 | |
| 700 | 1 | . | ‡aHoidal, Natalie. ‡eauthor. |
| 700 | 1 | . | ‡aCrum, Alex. ‡eauthor. |
| 700 | 1 | . | ‡aMiller, Lindsey. ‡ephotographer. |
| 901 | . | ‡a477877 ‡bOCoLC ‡c477877 ‡tbiblio ‡soclc | |

Add to basket
Permalink
Disable Highlighting